000 01122nam a2200205 a 4500
001 001134039
003 AM-YeHGA
005 20250617152108.0
008 160310s1976 ||| r 000 0 rus d
040 _aAM-YeHGA
041 0 _arus
100 1 _aКолесников, Петр Андреевич.
245 1 0 _aСеверная деревня в XV - первой половине XIX века :
_bК вопросу об эволюции аграр. отношений в рус. государстве /
_cП.А. Колесников ; Вологод. гос. пед. ин-т.
260 _aВологда :
_bСев.-Зап. кн. изд-во. Волог. отд-ние,
_c1976.
300 _a416 с.
653 0 _aСельское хозяйство - Север Европейской части РСФСР - История, 15-19 вв.
653 0 _aКрестьянство на Севере Европейской части РСФСР - История, 15-19 вв.
653 0 _aДеревня на Севере Европейской части РСФСР - История, 15-19 вв
090 _c365846
999 _c363991
_d363991